Statistiques concernant Communes de l'Aisne

Cliquez ici pour prendre le quiz!

Statistiques générales

  • Ce quiz a été pris 169 fois
  • Le résultat moyen est 61 sur 834

Réponses sur la Carte

Les réponses sont colorées sur une échelle allant du rouge au vert en fonction du pourcentage des utilisateurs qui les ont devinées à leur premier essai. Vous pouvez retrouver ces pourcentages ci-dessous.
 

Statistiques - réponses

Code communeRéponse% Correct
02408Laon
89%
02691Saint-Quentin
87%
02722Soissons
84%
02168Château-Thierry
77%
02381Hirson
57%
02173Chauny
52%
02361Guise
45%
02738Tergnier
45%
02789Vervins
42%
02340Gauchy
35%
02810Villers-Cotterêts
35%
02238Crépy
33%
02468Marle
33%
02062Belleau
31%
02304La Fère
31%
02028Athies-sous-Laon
30%
02158Chamouille
30%
02064Belleu
29%
02237Crécy-sur-Serre
29%
02720Sissone
29%
02095Bohain
28%
02469Marly-Gomont
28%
02574Origny
27%
02141La Capelle
26%
02680Saint-Gobain
26%
02157Chambry
24%
02602Pinon
24%
02037Aulnois-sous-Laon
23%
02163Charly
23%
02243Crouy
23%
02502Montcornet
23%
02684Saint-Michel
23%
02303Fayet
22%
02059Beautor
21%
02174Chavignon
21%
02245Cuffies
21%
02305Fère-en-Tardenois
21%
02371Harly
21%
02430Liesse
21%
02668Sains-Richaumont
21%
02755Urcel
21%
02018Anizy-le-Château
20%
02110Braine
20%
02131Bucy-le-Long
20%
02307La Ferté-Milon
20%
02758Vailly
20%
02046Barenton-Bugny
19%
02218Coucy-lès-Eppes
19%
02558Le Nouvion
19%
02666Rozoy-sur-Serre
19%
02226Courmelles
18%
02321Fontaine
18%
02490Monampteuil
18%
02648Ribemont
18%
02127Bruyères
17%
02165Charmes
17%
02382Holnon
17%
02109La Bouteille
17%
02785Vermand
17%
02795Vic-sur-Aisne
17%
02191Chivy-lès-Étouvelles
16%
02217Coucy-le-Château-Auffrique
16%
02234Craonne
16%
02334Fresnoy-le-Grand
16%
02618Prémont
16%
02805Villeneuve-Saint-Germain
16%
02058Beaurieux
15%
02073Berry-au-Bac
15%
02134Buire
15%
02264Dizy-le-Gros
15%
02282Eppes
15%
02360Guignicourt
15%
02497Mons-en-Laonnois
15%
02575Origny-Sainte-Benoite
15%
02676Saint-Erme-Outre-et-Ramecourt
15%
02821Vivaise
15%
02031Aubenton
14%
02047Barenton-Cel
14%
02048Barenton-sur-Serre
14%
02135Buironfosse
14%
02160Chaourse
14%
02295Étréaupont
14%
02298Étreux
14%
02315Flavy-le-Martel
14%
02559Nouvion-et-Catillon
14%
02619Prémontré
14%
02770Vauxbuin
14%
02780Venizel
14%
02791Veslud
14%
02820Viry-Noureuil
14%
02040Autreppes
13%
02093Blérancourt
13%
02106Bourg-et-Comin
13%
02132Bucy-lès-Cerny
13%
02215Corbeny
13%
02235Craonnelle
13%
02292Étampes-sur-Marne
13%
02294Étouvelles
13%
02312La Flamengrie
13%
02416Lemé
13%
02566Ognes
13%
02035Audigny
12%
02089Billy-sur-Aisne
12%
02103Boué
12%
02151Cerny-lès-Bucy
12%
02290Essômes-sur-Marne
12%
02309Festieux
12%
02324Fontenelle
12%
02329Fourdrain
12%
02387Itancourt
12%
02378La Hérie
12%
02470Martigny
12%
02600Pierrepont
12%
02608Plomion
12%
02697Samoussy
12%
02775Vendeuil
12%
02003Acy
11%
02098Bonneil
11%
02116 | 02118Braye
11%
02126Brunehamel
11%
02180Chéry-lès-Pouilly
11%
02239Crézancy
11%
02261Dercy
11%
02284Erloy
11%
02359Grugies
11%
02492Monceau-lès-Leups
11%
02554Nogentel
11%
02555Nogent-l’Artaud
11%
02814Villers-lès-Guise
11%
02830Wassigny
11%
02011Ambleny
10%
02041Autreville
10%
02050Barzy
10%
02111Brancourt-en-Laonnois
10%
02114Brasles
10%
02122Brie
10%
02130Bucilly
10%
02150Cerny-en-Laonnois
10%
02153Cessières
10%
02186Chézy-sur-Marne
10%
02188Chigny
10%
02209Condé-en-Brie
10%
02231Couvron-et-Aumencourt
10%
02318Folembray
10%
02341Gercy
10%
02346Gizy
10%
02373Hary
10%
02377Haution
10%
02401Laigny
10%
02405Landouzy-la-Ville
10%
02457Marchais
10%
02477Mercin-et-Vaux
10%
02478Merlieux-et-Fouquerolles
10%
02525Morcourt
10%
02532Moÿ-de-l’Aisne
10%
02543Neuilly-Saint-Front
10%
02549Neuville-Saint-Amand
10%
02589Pargny-Filain
10%
02596Pavant
10%
02613Pontavert
10%
02719Sinceny
10%
02721Sissy
10%
02768Vauxaillon
10%
02827Voyenne
10%
02833Wimy
10%
02001Abbécourt
9%
02008Aizy
9%
02010Allemant
9%
02013Amifontaine
9%
02020Any-Martin-Rieux
9%
02027Assis-sur-Serre
9%
02029Attilly
9%
02042Azy-sur-Marne
9%
02044Bancigny
9%
02072Berrieux
9%
02085Bézu-Saint-Germain
9%
02096Bois-lès-Pargny
9%
02121Breny
9%
02133Bucy-lès-Pierrepont
9%
02156Chalandry
9%
02167Chassemy
9%
02196Clacy-et-Thierret
9%
02203Coincy
9%
02276Englancourt
9%
02278Éparcy
9%
02287Essigny-le-Grand
9%
02288Essigny-le-Petit
9%
02299Évergnicourt
9%
02347Gland
9%
02383Homblières
9%
02423Leuilly
9%
02433Lislet
9%
02434Lizy
9%
02438Longpont
9%
02445Luzoir
9%
02487Missy-sur-Aisne
9%
02489Molinchart
9%
02493Monceau-le-Waast
9%
02498Montaigu
9%
02503Mont-d’Origny
9%
02504Montescourt-Lizerolles
9%
02521Montreuil-aux-Lions
9%
02567Ohis
9%
02580Oulchy-le-Château
9%
02610Pommiers
9%
02617Pouilly-sur-Serre
9%
02621Presles-et-Thierny
9%
02657Rougeries
9%
02728Sorbais
9%
02824Vorges
9%
02826Voulpaix
9%
02017Anguilcourt-le-Sart
8%
02032Aubigny
8%
02039Autremencourt
8%
02049Barisis
8%
02055Beaumé
8%
02065Bellicourt
8%
02079Besmont
8%
02080Besny-et-Loizy
8%
02084Bézu-le-Guéry
8%
02108Bourguignon-sous-Montbavin
8%
02128Bruyères-et-Montbérault
8%
02187Chierry
8%
02197Clairfontaine
8%
02200Clermont
8%
02216Corcy
8%
02242Crouttes
8%
02275Effry
8%
02283Erlon
8%
02296Étreillers
8%
02311Filain
8%
02331Franqueville
8%
02342Gergny
8%
02369Harcigny
8%
02372Hartennes-et-Taux
8%
02404Landouzy-la-Cour
8%
02420Lesdins
8%
02440Lor
8%
02455Malzy
8%
02495Mondrepuis
8%
02520Mont-Notre-Dame
8%
02524Mont-Saint-Père
8%
02541Neufchâtel-sur-Aisne
8%
02544Neuve-Maison
8%
02553Nizy-le-Comte
8%
02607Ploisy
8%
02629Puisieux-et-Clanlieu
8%
02653Romeny
8%
02658Roupy
8%
02659Rouvroy
8%
02670Saint-Algis
8%
02681Saint-Gobert
8%
02706Septmonts
8%
02725Sommeron
8%
02733Suzy
8%
02742Thiernu
8%
02753Tupigny
8%
02756Urvillers
8%
02801Vigneux-Hocquet
8%
02823Voharies
8%
02831Watigny
8%
02004Agnicourt-et-Séchelles
7%
02005Aguilcourt
7%
02007Aizelles
7%
02014Amigny-Rouy
7%
02021Archon
7%
02057Beaurevoir
7%
02063Bellenglise
7%
02124Brissy
7%
02178Chermizy-Ailles
7%
02189Chivres-en-Laonnois
7%
02190Chivres-Val
7%
02199Clastres
7%
02204Coingt
7%
02221Coupru
7%
02244Crupilly
7%
02248Cuirieux
7%
02257Dallon
7%
02268Domptin
7%
02279Épaux-Bézu
7%
02293Étaves-et-Bocquiaux
7%
02308Fesmy
7%
02350Goudelancourt-lès-Pierrepont
7%
02352Gouy
7%
02353Grandlup-et-Fay
7%
02384Houry
7%
02397Jussy
7%
02414Lavaqueresse
7%
02374Le Haucourt
7%
02418Lerzy
7%
02419Leschelles
7%
02731Le Sourd
7%
02444Lugny
7%
02459Marcy
7%
02463Marfontaine
7%
02486Missy-lès-Pierrepont
7%
02499Montbavin
7%
02569Oisy
7%
02584Papleux
7%
02591Pargny-les-Bois
7%
02630Quessy
7%
02678Sainte-Geneviève
7%
02685Saint-Nicolas-aux-Bois
7%
02703Seboncourt
7%
02727Sons-et-Ronchères
7%
02740Thenailles
7%
02746Travecy
7%
02776Vendhuile
7%
02787Verneuil-sur-Serre
7%
02799Vierzy
7%
02002Achery
6%
02006Aisonville-et-Bernoville
6%
02009Alaincourt
6%
02012Ambrief
6%
02019Annois
6%
02022Arcy-Sainte-Restitue
6%
02052Bassoles-Aulers
6%
02061Becquigny
6%
02067Bergues-sur-Sambre
6%
02068Berlancourt
6%
02070Bernot
6%
02071Berny-Rivière
6%
02074Bertaucourt-Epourdon
6%
02077Berzy-le-Sec
6%
02083Beuvardes
6%
02094Blesmes
6%
02101Bosmont-sur-Serre
6%
02105Bouresches
6%
02120Brenelle
6%
02136Burelles
6%
02142Castres
6%
02169Châtillon-lès-Sons
6%
02172Chaudun
6%
02183Chevregny
6%
02195Ciry-Salsogne
6%
02198Clamecy
6%
02206Colonfay
6%
02210Condé-sur-Aisne
6%
02219Coucy-la-Ville
6%
02220Coulonges
6%
02222Courbes
6%
02236Crécy-au-Mont
6%
02256Dagny-Lambercy
6%
02258Dammard
6%
02274Ébouleau
6%
02286Esquéhéries
6%
02337Froidestrées
6%
02339Gandelu
6%
02355Gricourt
6%
02357Gronard
6%
02391Jeantes
6%
02394Jouy
6%
02400Laffaux
6%
02403Landifay-et-Bertaignemont
6%
02409Lappion
6%
02413Laval-en-Laonnois
6%
02450Macquigny
6%
02465Marigny-en-Orxois
6%
02472Mauregny-en-Haye
6%
02474Mennessis
6%
02476Mennevret
6%
02494Monceau-sur-Oise
6%
02508Monthenault
6%
02535Nampcelles-la-Cour
6%
02561Nouvion-le-Vineux
6%
02593Pasly
6%
02634Raillimont
6%
02638Remies
6%
02649Rocourt-Saint-Martin
6%
02650Rocquigny
6%
02654Romery
6%
02675Sainte-Croix
6%
02702Savy
6%
02737Tavaux-et-Pontséricourt
6%
02745Toulis-et-Attencourt
6%
02763Vasseny
6%
02766Vaudesson
6%
02790Vesles-et-Caumont
6%
02832Wiège-Faty
6%
02023Armentières-sur-Ourcq
5%
02024Arrancy
5%
02025Artemps
5%
02036Augy
5%
02051Barzy-sur-Marne
5%
02056Beaumont-en-Beine
5%
02088Bièvres
5%
02091Blanzy-lès-Fismes
5%
02097Boncourt
5%
02099Bonnesvalyn
5%
02115Braye-en-Laonnois
5%
02137Bussiares
5%
02138Buzancy
5%
02154Chacrise
5%
02155Chaillevois
5%
02171Chaudardes
5%
02176Chavonne
5%
02177Chérêt
5%
02184Chevresis-Monceau
5%
02194Cilly
5%
02205Colligis-Crandelain
5%
02208Concevreux
5%
02212Condren
5%
02223Courboin
5%
02224Courcelles-sur-Vesle
5%
02233Cramaille
5%
02246Cugny
5%
02250Cuiry-lès-Chaudardes
5%
02253Cuisy-en-Almont
5%
02260Danizy
5%
02263Dhuizel
5%
02265Dohis
5%
02270Douchy
5%
02289Essises
5%
02291Estrées
5%
02300Fargniers
5%
02313Flavigny-le-Grand-et-Beaurain
5%
02316Fleury
5%
02319Fonsommes
5%
02320Fontaine-lès-Clercs
5%
02322Fontaine-Notre-Dame
5%
02326Fontenoy
5%
02328Fossoy
5%
02330Francilly-Selency
5%
02349Goudelancourt-lès-Berrieux
5%
02358Grougis
5%
02366Hannapes
5%
02385Housset
5%
02386Iron
5%
02398Juvigny
5%
02399Juvincourt-et-Damary
5%
02147La Celle-sous-Montmirail
5%
02162La Chapelle-sur-Chézy
5%
02454La Malmaison
5%
02547La Neuville-Housset
5%
02407Laniscourt
5%
02802La Ville-aux-Bois-lès-Dizy
5%
02803La Ville-aux-Bois-lès-Pontavert
5%
02422Lesquielles-Saint-Germain
5%
02425Leuze
5%
02464Margival
5%
02481Mesnil-Saint-Laurent
5%
02484Mézy-Moulins
5%
02491Monceau-le-Neuf-et-Faucouzy
5%
02500Montbrehain
5%
02505Montfaucon
5%
02513Montigny-le-Franc
5%
02529Mortiers
5%
02530Moulins
5%
02540Nesles-la-Montagne
5%
02571Omissy
5%
02576Osly-Courtil
5%
02581Paars
5%
02592Parpeville
5%
02625Proix
5%
02652Rogny
5%
02664Rozoy-Bellevalle
5%
02690Sainte-Preuve
5%
02682Saint-Mard
5%
02698Sancy-les-Cheminots
5%
02701Saulchery
5%
02710Seraucourt-le-Grand
5%
02730Soupir
5%
02751Trucy
5%
02765Vaucelles-et-Beffecourt
5%
02769Vaux-Andigny
5%
02798Viels-Maisons
5%
02807Villequier-Aumont
5%
02834Wissignicourt
5%
02015Ancienville
4%
02016Andelain
4%
02030Aubencheul-aux-Bois
4%
02043Bagneux
4%
02045Barbonval
4%
02060Beauvois
4%
02066Benay
4%
02069Berlise
4%
02075Berthenicourt
4%
02081Béthancourt-en-Vaux
4%
02082Beugneux
4%
02090Billy-sur-Ourcq
4%
02104Bouffignereux
4%
02112Brancourt-le-Grand
4%
02129Bruys
4%
02145Caumont
4%
02148Celles-sur-Aisne
4%
02175Chavigny
4%
02181Chéry-lès-Rozoy
4%
02182Chevennes
4%
02185Chézy-en-Orxois
4%
02192Chouy
4%
02193Cierges
4%
02201Cœuvres-et-Valsery
4%
02211Condé-sur-Suippe
4%
02213Connigis
4%
02228Courtemont-Varennes
4%
02230Couvrelles
4%
02232Coyolles
4%
02252Cuissy-et-Geny
4%
02259Dampleux
4%
02262Deuillet
4%
02266Dolignon
4%
02267Dommiers
4%
02269Dorengt
4%
02273Dury
4%
02302Faverolles
4%
02317Fluquières
4%
02327Foreste
4%
02332Fresnes
4%
02336Frières-Faillouël
4%
02338Froidmont-Cohartille
4%
02354Grandrieux
4%
02783Grand-Verly
4%
02356Grisolles
4%
02367Happencourt
4%
02376Hauteville
4%
02388Iviers
4%
02389Jaulgonne
4%
02392Joncourt
4%
02545La Neuville-Bosmont
4%
02548La Neuville-lès-Dorengt
4%
02705La Selve
4%
02411Latilly
4%
02143Le Catelet
4%
02164Le Charmel
4%
02281L’Épine-aux-Bois
4%
02426Levergies
4%
02429Lierval
4%
02443Lucy-le-Bocage
4%
02452Maissemy
4%
02453Maizy
4%
02460Marcy-sous-Marle
4%
02461Marest-Dampcourt
4%
02471Martigny-Courpierre
4%
02514Montigny-Lengrain
4%
02517Montigny-sur-Crécy
4%
02526Morgny-en-Thiérache
4%
02527Morsain
4%
02550Neuville-sur-Ailette
4%
02572Orainville
4%
02573Orgeval
4%
02577Ostel
4%
02579Oulchy-la-Ville
4%
02586Parfondeval
4%
02590Pargny-la-Dhuys
4%
02597Perles
4%
02598Pernant
4%
02614Pontru
4%
02620Presles-et-Boves
4%
02623Prisces
4%
02626Prouvais
4%
02639Remigny
4%
02641Renneval
4%
02647Ribeauville
4%
02667Saconin-et-Breuil
4%
02687Saint-Pierre-Aigle
4%
02694Saint-Simon
4%
02696Saint-Thomas
4%
02711Serches
4%
02714Sermoise
4%
02741Thenelles
4%
02750Trosly-Loire
4%
02771Vauxcéré
4%
02773Vauxtin
4%
02774Vendelles
4%
02779Vénérolles
4%
02781Verdilly
4%
02788Versigny
4%
02804Villemontoire
4%
02812Villers-Hélon
4%
02815Villers-Saint-Christophe
4%
02822Vivières
4%
02825Vouël
4%
02026Artonges
3%
02033Aubigny-en-Laonnois
3%
02034Audignicourt
3%
02053Baulne-en-Brie
3%
02054Bazoches-sur-Vesles
3%
02076Bertricourt
3%
02078Besmé
3%
02086Bichancourt
3%
02087Bieuxy
3%
02100Bony
3%
02107Bourguignon-sous-Coucy
3%
02119Brécy
3%
02123Brissay-Choigny
3%
02125Brumetz
3%
02139Caillouël-Crépigny
3%
02146Celles-lès-Condé
3%
02152Cerseuil
3%
02159Champs
3%
02166Chartèves
3%
02179Chéry-Chartreuve
3%
02214Contescourt
3%
02240Croix-Fonsommes
3%
02249Cuiry-Housse
3%
02251Cuiry-lès-Iviers
3%
02255Cys-la-Commune
3%
02271Dravegny
3%
02280Épieds
3%
02297Étrepilly
3%
02310Fieulaine
3%
02335Fressancourt
3%
02351Goussancourt
3%
02363Guny
3%
02364Guyencourt
3%
02365Hamégicourt
3%
02370Hargicourt
3%
02395Jumencourt
3%
02406Landricourt
3%
02410Largny-sur-Automne
3%
02760La Vallée-Mulâtre
3%
02038Les Autels
3%
02431Liez
3%
02432Limé
3%
02439Longueval
3%
02448Mâchecourt
3%
02462Mareuil-en-Dôle
3%
02480Mesbrecourt-Richecourt
3%
02483Mézières-sur-Oise
3%
02488Molain
3%
02506Montgobert
3%
02510Monthurel
3%
02516Montigny-sous-Marle
3%
02528Mortefontaine
3%
02533Muret-et-Crouttes
3%
02537Nanteuil-la-Fosse
3%
02552Neuvillette
3%
02560Nouvion-le-Comte
3%
02562Nouvron-Vingré
3%
02563Noyales
3%
02564Noyant-et-Aconin
3%
02565Œuilly
3%
02582Paissy
3%
02583Pancy-Courtecon
3%
02784Petit-Verly
3%
02601Pignicourt
3%
02603Pisseleux
3%
02605Pleine-Selve
3%
02611Pont-à-Bucy
3%
02612Pont-Arcy
3%
02615Pontruet
3%
02631Quierzy
3%
02632Quincy-Basse
3%
02635Ramicourt
3%
02637Remaucourt
3%
02642Résigny
3%
02643Ressons-le-Long
3%
02660Rouvroy-sur-Serre
3%
02661Royaucourt-et-Chailvet
3%
02663Rozières-sur-Crise
3%
02673Saint-Christophe-à-Berry
3%
02674Saint-Clément
3%
02677Saint-Eugène
3%
02689Saint-Pierremont
3%
02693Saint-Rémy-Blanzy
3%
02699Saponay
3%
02713Seringes-et-Nesles
3%
02715Serval
3%
02735Tannières
3%
02739Terny-Sorny
3%
02749Troësnes
3%
02752Tugny-et-Pont
3%
02754Ugny-le-Gay
3%
02764Vassogne
3%
02772Vaux-en-Vermandois
3%
02777Vendières
3%
02793Vézaponin
3%
02800Viffort
3%
02808Villeret
3%
02829Vuillery
3%
02117Bray-Saint-Christophe
2%
02144Caulaincourt
2%
02149Cerizy
2%
02170Châtillon-sur-Oise
2%
02202Cohan
2%
02207Commenchon
2%
02225Courchamps
2%
02227Courmont
2%
02229Courtrizy-et-Fussigny
2%
02254Cutry
2%
02272Droizy
2%
02277Épagny
2%
02301Fauconcourt
2%
02323Fontaine-Uterte
2%
02325Fontenelle-en-Brie
2%
02333Fresnes-sous-Coucy
2%
02343Germaine
2%
02345Gibercourt
2%
02348Glennes
2%
02362Guivry
2%
02368Haramont
2%
02375Hautevesnes
2%
02390Jeancourt
2%
02161La Chapelle-Monthodon
2%
02241La Croix-sur-Ourcq
2%
02546La Neuville-en-Beine
2%
02412Launoy
2%
02759La-Vallée-aux-Bleds
2%
02417Lempire
2%
02606Le Plessier-Huleu
2%
02421Lesges
2%
02743Le Thuel
2%
02424Leury
2%
02427Lhuys
2%
02428Licy-Clignon
2%
02442Loupeigne
2%
02458Marchais-en-Brie
2%
02466Marizy-Sainte-Geneviève
2%
02475Menneville
2%
02479Merval
2%
02482Meurival
2%
02501Montchâlons
2%
02509Monthiers
2%
02512Montigny-l’Allier
2%
02515Montigny-lès-Condé
2%
02518Montlevon
2%
02519Montloué
2%
02522Mont-Saint-Jean
2%
02523Mont-Saint-Martin
2%
02531Moussy-Verneuil
2%
02539Nauroy
2%
02542Neuflieux
2%
02551Neuville-sur-Margival
2%
02578Oulches-la-Vallée-Foulon
2%
02585Parcy-et-Tigny
2%
02588Pargnan
2%
02595Passy-sur-Marne
2%
02599Pierremande
2%
02609Ployart-et-Vaurseine
2%
02616Pont-Saint-Mard
2%
02622Priez
2%
02624Proizy
2%
02627Proviseux-et-Plesnoy
2%
02628Puiseux
2%
02636Regny
2%
02640Renansart
2%
02645Reuilly-Sauvigny
2%
02646Révillon
2%
02655Ronchères
2%
02662Rozet-Saint-Albin
2%
02679Saint-Gengoulph
2%
02683Saint-Martin-Rivière
2%
02695Saint-Thibaut
2%
02707Septvaux
2%
02708Sequehart
2%
02709Serain
2%
02712Sergy
2%
02717Séry-lès-Mézières
2%
02723Soize
2%
02726Sommette-Eaucourt
2%
02729Soucy
2%
02734Taillefontaine
2%
02736Tartiers
2%
02744Torcy-en-Valois
2%
02748Tréloup
2%
02761Variscourt
2%
02778Vendresse-Beaulne
2%
02794Vézilly
2%
02797Viel-Arcy
2%
02806Villeneuve-sur-Fère
2%
02809Villers-Agron-Aiguizy
2%
02813Villers-le-Sec
2%
02816Villers-sur-Fère
2%
02819Vincy-Reuil-et-Magny
2%
02828Vregny
2%
02092Blérancourdelle
1%
02102Bouconville-Vauclerc
1%
02113Branges
1%
02247Cugny-lès-Crouttes
1%
02285Escaufourt
1%
02314Flavigny-le-Petit
1%
02344Gernicourt
1%
02380Hinacourt
1%
02393Jouaignes
1%
02396Jumigny
1%
02379La Hérie-la-Viéville
1%
02402Lanchy
1%
02415Laversine
1%
02700Le Sart
1%
02782Le Verguier
1%
02435Logny-lès-Aubenton
1%
02436Lombray
1%
02437Longchamps
1%
02441Louâtre
1%
02446Ly-Fontaine
1%
02447Maast-et-Violaine
1%
02449Macogny
1%
02451Magny-la-Fosse
1%
02456Manicamp
1%
02467Marizy-Saint-Mard
1%
02473Mayot
1%
02485Missy-aux-Bois
1%
02496Monnes
1%
02507Montgru-Saint-Hilaire
1%
02511Montigny-en-Arrouaise
1%
02534Muscourt
1%
02536Nampteuil-sous-Muret
1%
02538Nanteuil-Notre-Dame
1%
02556Noircourt
1%
02557Noroy-sur-Ourcq
1%
02568Oigny-en-Valois
1%
02570Ollezy
1%
02594Passy-en-Valois
1%
02604Pithon
1%
02633Quincy-sous-le-Mont
1%
02644Retheuil
1%
02651Rogécourt
1%
02656Roucy
1%
02665Rozoy-Grand
1%
02669Saint-Agnan
1%
02671Saint-Aubin
1%
02672Saint-Bandry
1%
02686Saint-Paul-aux-Bois
1%
02692Saint-Quentin-sur-Allan
1%
02704Selens
1%
02716Servais
1%
02718Silly-la-Poterie
1%
02724Sommelans
1%
02732Surfontaine
1%
02747Trefcon
1%
02757Vadencourt-et-Bohéries
1%
02762Vassens
1%
02767Vaurezis
1%
02786Verneuil-sous-Coucy
1%
02792Veuilly-la-Poterie
1%
02796Vichel-Nanteuil
1%
02811Villers-en-Prayères
1%
02818Villers-sur-Marne
1%
02817Ville-Savoye
1%
02140Camelin-et-le-Fresnes
0%
02306La Feté-Chevresis
0%
02587Pafondru
0%
02688Saint-Pierre-lès-Francqueville
0%

Distribution des résultats

Percentile par nombre de réponses

% des personnes avec chaque résultat

Votre développement - résultats

Vous n’avez pas pris ce quiz